Employed professionals face personal risks (Record no. 65677)
[ view plain ]
| 000 -LEADER | |
|---|---|
| fixed length control field | 01060cam a2200217 4500 |
| 001 - CONTROL NUMBER | |
| control field | ABS63317 |
| 008 - FIXED-LENGTH DATA ELEMENTS--GENERAL INFORMATION | |
| fixed length control field | 000000n2000 000 0 eng u |
| 035 ## - SYSTEM CONTROL NUMBER | |
| System control number | (Sirsi) u110137 |
| 100 ## - MAIN ENTRY--PERSONAL NAME | |
| Personal name | Maguire, P |
| 245 ## - TITLE STATEMENT | |
| Title | Employed professionals face personal risks |
| 260 ## - PUBLICATION, DISTRIBUTION, ETC. | |
| Date of publication, distribution, etc. | 2000 |
| 490 ## - SERIES STATEMENT | |
| Series statement | CSM (Chartered Surveyor Monthly) |
| Volume/sequential designation | November / December 2000, 28(1) |
| 520 ## - SUMMARY, ETC. | |
| Summary, etc. | Reviews a recent case highlighting the danger for surveyors whose employees fail to maintain insurance cover. Without suitable cover, for whatever reason, the employee is open to being sued by the client. Such a case has already come to court and shows that the same scenario will occur again; in view of this the RICS has supported the member's application for assistance for his appeal and has agreed to fund the appeal on behalf on its member. The result will be reported in a future edition of CSM. |
| 590 ## - LOCAL NOTE (RLIN) | |
| Local note | ABS |
| 650 ## - SUBJECT ADDED ENTRY--TOPICAL TERM | |
| Topical term or geographic name entry element | PROFESSIONAL INDEMNITY INSURANCE |
| 650 ## - SUBJECT ADDED ENTRY--TOPICAL TERM | |
| Topical term or geographic name entry element | RICS |
| 650 ## - SUBJECT ADDED ENTRY--TOPICAL TERM | |
| Topical term or geographic name entry element | EMPLOYEES |
| 690 ## - LOCAL SUBJECT ADDED ENTRY--TOPICAL TERM (OCLC, RLIN) | |
| Topical term or geographic name as entry element | Insurance |
| 9 (RLIN) | 6249 |
| 700 ## - ADDED ENTRY--PERSONAL NAME | |
| Personal name | Davis, M |
| 942 ## - ADDED ENTRY ELEMENTS (KOHA) | |
| Suppress in OPAC | 0 |
| Withdrawn status | Lost status | Source of classification or shelving scheme | Damaged status | Not for loan | Home library | Current library | Shelving location | Date acquired | Total Checkouts | Full call number | Barcode | Date last seen | Copy number | Price effective from | Koha item type |
|---|---|---|---|---|---|---|---|---|---|---|---|---|---|---|---|
| Dewey Decimal Classification | London | London | Journal article | 04/01/2001 | ABS63317 | 110137-1001 | 06/08/2019 | 1 | 06/08/2019 | Journal article |